Science Quiz

Random Science or Elements Quiz

30 in 60: Elements Quiz Stats

 Plays Quiz Updated Sep 8, 2018

Score 0/30 Timer 01:00
9 Plays Today
% Correct
O
80.1%
Li
80%
Ba
79.9%
H
79.8%
Zn
79.7%
Kr
78.9%
Ra
78.8%
Ti
78.8%
Ge
78.4%
Al
78.4%
Cl
78.3%
Rb
77.4%
Po
76.7%
He
76.6%
Ca
76.6%
% Correct
Co
76.4%
Sc
76.1%
Ta
75.6%
S
75.3%
C
74.6%
Fe
73.5%
Cs
72.2%
Ni
72%
N
71.7%
Au
70.7%
Na
68.4%
Pb
67.3%
Cu
63.2%
Ag
62.2%
Sb
39.4%

You're not logged in!

Compare scores with friends on all Sporcle quizzes.
OR
Log In

Sporcle TV

Today on Sporcle TV


Watch our educational content, quiz creation guides, and fun videos on Sporcle TV.

Show Comments

Extras

Top Quizzes Today


Score Distribution

Your Account Isn't Verified!

In order to create a playlist on Sporcle, you need to verify the email address you used during registration. Go to your Sporcle Settings to finish the process.

Report this User

Report this user for behavior that violates our Community Guidelines.

Details: